16 Years Solved Paper (2008 to 2023) Chapterwise NEET/ (Record no. 200445)
[ view plain ]
| 000 -LEADER | |
|---|---|
| fixed length control field | 00762nam a2200205 4500 |
| 005 - DATE AND TIME OF LATEST TRANSACTION | |
| control field | 20240130122103.0 |
| 010 ## - LCCN (DPL NO) | |
| LC control number | ENG-139081 |
| 020 ## - INTERNATIONAL STANDARD BOOK NUMBER | |
| Terms of availability | 775.00 |
| International Standard Book Number | 9789357055932 |
| 035 ## - SYSTEM CONTROL NUMBER | |
| System control number | EN-122613 |
| 037 ## - SOURCE OF ACQUISITION | |
| Source of stock number/acquisition | DBAD/PUB |
| 082 ## - DEWEY DECIMAL CLASSIFICATION NUMBER | |
| Classification number | 500 |
| Edition number | 2024 |
| 100 ## - MAIN ENTRY--PERSONAL NAME | |
| Personal name | Bisht, Sanjay |
| 245 ## - TITLE STATEMENT | |
| Title | 16 Years Solved Paper (2008 to 2023) Chapterwise NEET/ |
| Statement of responsibility, etc | By Bisht, Sanjay |
| 260 ## - PUBLICATION, DISTRIBUTION, ETC. (IMPRINT) | |
| Place of publication, distribution, etc | Uttar Pradesh,India |
| Name of publisher, distributor, etc | Pearson |
| Date of publication, distribution, etc | 2024 |
| 270 ## - ADDRESS | |
| Address | 1st Floor,Berger Tower, Plot No. C-001A/2, Sector 16B, Noida-201301, Uttar Pradesh, India |
| City | Uttar Pradesh |
| Postal code | 201301 |
| Electronic mail address | companysecretary.india@pearson.com |
| 300 ## - PHYSICAL DESCRIPTION | |
| Extent | various pages |
| Dimensions | 26cm(pbk) |
| 700 ## - ADDED ENTRY--PERSONAL NAME | |
| Personal name | Singhal, A.K |
| Relator term | Author |
| 9 (RLIN) | 61430 |
| 700 ## - ADDED ENTRY--PERSONAL NAME | |
| Personal name | Vijay, Rajiv |
| Relator term | Author |
| 9 (RLIN) | 61431 |
| 942 ## - ADDED ENTRY ELEMENTS (KOHA) | |
| Source of classification or shelving scheme | Dewey Decimal Classification |
| Item type | English Books |
| Classification part | 500 |
| Call number suffix | Bis |
| Edition | 2024 |
| Withdrawn status | Lost status | Not for loan | Collection code | Home library | Current library | Date acquired | Source of acquisition | Cost, normal purchase price | Full call number | Barcode | Cost, replacement price | Koha item type |
|---|---|---|---|---|---|---|---|---|---|---|---|---|
| Non-fiction | Sarojini Nagar | Sarojini Nagar | 30/01/2024 | DBAD/PUB | 775.00 | 500 BIS | EN-122613 | 775.00 | English Books |
